[Event "ch-FRA Top 16 GpB"]
[Site "Cannes FRA"]
[Date "2005.03.31"]
[Round "4"]
[White "Moldovan,D"]
[Black "Degraeve,JM"]
[Result "1/2-1/2"]
[WhiteElo "2411"]
[BlackElo "2569"]
[EventDate "2005.03.31"]

1. e4 e5 2. Nf3 Nf6 3. Nc3 Nc6 4. Bb5 Nd4 5. Bc4 Bc5 6. d3 d6 7. Nxd4 Bxd4
8. O-O Be6 9. Bb3 O-O 10. Ne2 Bb6 11. Ng3 c6 12. h3 Nd7 13. c3 d5 14. Qe2
Re8 15. Be3 Bxe3 16. Qxe3 Qb6 17. Qxb6 Nxb6 18. f4 exf4 19. Rxf4 f6 20. Re1
Rad8 21. exd5 Bxd5 22. Rxe8+ Rxe8 23. Re4 Rxe4 24. Nxe4 Bxb3 25. axb3 Nc8
26. Nc5 Nd6 27. b4 Kf7 28. Kf2 h5 29. g3 g6 30. Kf3 Ke7 31. Kf4 b6 32. Nb3
Nf5 33. Nd2 Ke6 34. Nc4 Ne7 35. Na3 g5+ 36. Kf3 f5 37. Nc2 c5 38. bxc5 bxc5
39. Ne3 Ng6 40. Ng2 a5 41. b3 h4 42. gxh4 Nxh4+ 43. Nxh4 gxh4 44. Ke3 Ke5
45. Kf3 Ke6 1/2-1/2

[Event "ch-FRA Top 16 GpB"]
[Site "Cannes FRA"]
[Date "2005.03.31"]
[Round "4"]
[White "Kogan,Ar"]
[Black "Berthelot,Y"]
[Result "1/2-1/2"]
[WhiteElo "2592"]
[BlackElo "2323"]
[EventDate "2005.03.31"]

1. d4 Nf6 2. Nf3 g6 3. Nc3 d5 4. Bf4 Bg7 5. e3 O-O 6. Be2 c5 7. Ne5 cxd4 8.
exd4 Nc6 9. Qd2 Ne4 10. Nxe4 Nxe5 11. Bxe5 Bxe5 12. dxe5 dxe4 13. Qf4 Qb6
14. O-O-O Be6 15. h4 Bxa2 16. h5 Rac8 17. Qxe4 Bb3 18. Bd3 Rxc2+ 19. Bxc2
Rc8 20. hxg6 Rxc2+ 21. Qxc2 Bxc2 22. gxf7+ Kxf7 23. Kxc2 Qxf2+ 24. Rd2 Qf5+
25. Kc1 h5 26. Re1 Ke6 27. b3 Qf4 28. Kc2 Qb4 29. Rde2 a5 30. Re4 Qc5+ 31.
Kb2 b5 32. R1e2 a4 33. bxa4 bxa4 34. R2e3 Qb5+ 35. Ka2 Qf1 36. g3 Qd1 37.
Kb2 1/2-1/2

[Event "ch-FRA Top 16 GpB"]
[Site "Cannes FRA"]
[Date "2005.03.31"]
[Round "4"]
[White "Relange,E"]
[Black "Crouan,S"]
[Result "1-0"]
[WhiteElo "2500"]
[BlackElo "2229"]
[EventDate "2005.03.31"]

1. d4 d5 2. c4 c6 3. Nf3 Nf6 4. Nc3 e6 5. Bg5 dxc4 6. e4 b5 7. e5 h6 8. Bh4
g5 9. Nxg5 hxg5 10. Bxg5 Nbd7 11. g3 Be7 12. exf6 Nxf6 13. Bg2 Nd5 14. Bxe7
Qxe7 15. O-O a6 16. a4 b4 17. Ne4 a5 18. Rc1 Nb6 19. Re1 Bb7 20. Nd2 O-O-O
21. Nxc4 Nxc4 22. Rxc4 1-0

[Event "ch-FRA Top 16 GpB"]
[Site "Cannes FRA"]
[Date "2005.03.31"]
[Round "4"]
[White "Edouard,R"]
[Black "Hernandez,Gi"]
[Result "1/2-1/2"]
[WhiteElo "2221"]
[BlackElo "2512"]
[EventDate "2005.03.31"]

1. e4 c5 2. Nf3 Nc6 3. d4 cxd4 4. Nxd4 Nf6 5. Nc3 d6 6. Be2 g6 7. Nb3 Bg7
8. O-O O-O 9. Kh1 a5 10. a4 Nb4 11. f4 Bd7 12. Bf3 Qc7 13. Qe2 Be6 14. Rd1
Bc4 15. Qf2 e5 16. fxe5 dxe5 17. Be3 Qc6 18. Bc5 Rfc8 19. Nxa5 Rxa5 20.
Bxb4 Raa8 21. b3 Be6 22. Rd6 Qe8 23. Rd3 Bf8 24. Bxf8 Qxf8 25. Nb5 Qb4 26.
Rad1 Kg7 27. Qd2 Qc5 28. Rc3 Qb6 29. Rxc8 Rxc8 30. c4 Bd7 31. Qd6 Qe3 32.
Rf1 Bxb5 33. axb5 Re8 34. h3 h5 35. c5 g5 36. Qc7 g4 37. hxg4 hxg4 38. Bxg4
Rh8+ 39. Bh3 Rxh3+ 40. gxh3 Qxh3+ 41. Kg1 Qg3+ 42. Kh1 1/2-1/2

[Event "ch-FRA Top 16 GpB"]
[Site "Cannes FRA"]
[Date "2005.03.31"]
[Round "4"]
[White "Abergel,T"]
[Black "Delorme,Ax"]
[Result "1-0"]
[WhiteElo "2443"]
[BlackElo "2206"]
[EventDate "2005.03.31"]

1. e4 c5 2. Nf3 d6 3. d4 cxd4 4. Nxd4 Nf6 5. Nc3 a6 6. Bc4 e6 7. Bb3 Nbd7
8. Bg5 Nc5 9. f4 Be7 10. Qf3 Nxb3 11. axb3 Qc7 12. f5 O-O 13. O-O d5 14.
exd5 Bc5 15. Bxf6 gxf6 16. Kh1 Kh8 17. Rad1 e5 18. Nde2 Bd6 19. Ne4 Qe7 20.
N2g3 b5 21. Nh5 Rg8 22. Nhxf6 Rg7 23. Nxd6 1-0

[Event "ch-FRA Top 16 GpB"]
[Site "Cannes FRA"]
[Date "2005.03.31"]
[Round "4"]
[White "Le Roch,D"]
[Black "Brochet,P"]
[Result "1-0"]
[WhiteElo "1948"]
[BlackElo "2388"]
[EventDate "2005.03.31"]

1. d4 d5 2. c4 dxc4 3. Nf3 Nf6 4. Nc3 c6 5. a4 h6 6. e4 Be6 7. Be2 Na6 8.
O-O Qa5 9. Bf4 Rd8 10. Qd2 g5 11. Be5 Bg7 12. Rfd1 g4 13. Nh4 Nc5 14. Qc2
Ncd7 15. Bf4 Nb6 16. Nf5 Bxf5 17. exf5 O-O 18. Be5 h5 19. Qd2 Nbd7 20. Qf4
Nd5 21. Nxd5 Qxd5 22. Bxg7 Kxg7 23. Qg5+ Kh7 24. Qxh5+ Kg7 25. Qxg4+ Kh7
26. Ra3 1-0

[Event "ch-FRA Top 16 GpB"]
[Site "Cannes FRA"]
[Date "2005.03.31"]
[Round "4"]
[White "Sebag,M"]
[Black "Marchadour,E"]
[Result "1-0"]
[WhiteElo "2421"]
[BlackElo "2017"]
[EventDate "2005.03.31"]

1. e4 c5 2. Nf3 e6 3. d4 cxd4 4. Nxd4 Nc6 5. Nc3 Qc7 6. Be3 Nf6 7. Qd2 Bb4
8. f3 O-O 9. a3 Ba5 10. Ndb5 Qb8 11. Bc5 Ne8 12. Bxf8 Kxf8 13. O-O-O a6 14.
Nd6 Bc7 15. Nxc8 Bf4 16. Nb6 Bxd2+ 17. Rxd2 Nf6 18. Nxa8 Qxa8 19. f4 Ne7
20. e5 Nfd5 21. Nxd5 Nxd5 22. g3 Ne3 23. Bd3 Qc8 24. Re1 Nd5 25. Be4 Nb6
26. Re3 Qc5 27. Rc3 Qg1+ 28. Rd1 Qxh2 29. b3 Nd5 30. Bxd5 exd5 31. Rxd5 Ke8
32. Rcd3 g5 33. f5 Qh3 34. f6 Qe6 35. Rc5 Kd8 36. Rdc3 d6 37. Rd3 Ke8 38.
Rxd6 Qf5 39. Rc7 1-0

[Event "ch-FRA Top 16 GpB"]
[Site "Cannes FRA"]
[Date "2005.03.31"]
[Round "4"]
[White "Becker,Marc1"]
[Black "Delchev,A"]
[Result "0-1"]
[WhiteElo "2384"]
[BlackElo "2597"]
[EventDate "2005.03.31"]

1. c4 Nf6 2. Nf3 e6 3. g3 d5 4. b3 d4 5. Bg2 c5 6. e3 Nc6 7. exd4 cxd4 8.
O-O Bd6 9. d3 h6 10. Ba3 O-O 11. Bxd6 Qxd6 12. a3 a5 13. Nbd2 e5 14. Qc2
Bf5 15. Ne1 Rab8 16. c5 Qe7 17. Rb1 Rfc8 18. b4 axb4 19. axb4 b5 20. Ne4
Nxe4 21. Bxe4 Bxe4 22. dxe4 Ra8 23. Qe2 Qe6 24. Qxb5 Rcb8 25. Qe2 Nxb4 26.
Nd3 Qc4 27. Rxb4 Rxb4 28. Rc1 Qb5 29. Qc2 Rb3 30. Nxe5 Rc3 0-1

[Event "ch-FRA Top 16 GpB"]
[Site "Cannes FRA"]
[Date "2005.03.31"]
[Round "4"]
[White "Agrest,E"]
[Black "Bijaoui,M"]
[Result "1-0"]
[WhiteElo "2579"]
[BlackElo "2345"]
[EventDate "2005.03.31"]

1. Nf3 Nf6 2. c4 g6 3. Nc3 Bg7 4. d4 d6 5. Bg5 h6 6. Bh4 O-O 7. e3 c6 8.
Be2 a6 9. a3 b5 10. Nd2 Nbd7 11. O-O Bb7 12. b4 e5 13. Nb3 exd4 14. exd4
bxc4 15. Na5 Qc7 16. Nxc4 Nb6 17. Na5 Nfd5 18. Nxd5 cxd5 19. Rc1 Qd7 20.
Bg3 Rfc8 21. Nxb7 Rxc1 22. Qxc1 Qxb7 23. Bxd6 Bxd4 24. Qxh6 Qc6 25. Qf4 Bb2
26. h4 Re8 27. Bd3 Nc4 28. Bc5 Qf6 29. Qxf6 Bxf6 30. g3 Nxa3 31. Bxa6 Nc4
32. Rd1 1-0

[Event "ch-FRA Top 16 GpB"]
[Site "Cannes FRA"]
[Date "2005.03.31"]
[Round "4"]
[White "Templier,N"]
[Black "Vaisser,A"]
[Result "0-1"]
[WhiteElo "2299"]
[BlackElo "2581"]
[EventDate "2005.03.31"]

1. d4 Nf6 2. c4 c5 3. d5 b5 4. cxb5 a6 5. b6 e6 6. Nc3 exd5 7. Nxd5 Nxd5 8.
Qxd5 Nc6 9. Nf3 Rb8 10. Ne5 Qf6 11. Nxc6 dxc6 12. Qe4+ Be7 13. g3 Rxb6 14.
Bg2 Be6 15. Qa4 O-O 16. O-O c4 17. Qa5 Bd8 18. Qc5 Qf5 19. Qe3 Bd5 20. Qd4
Qf6 21. Qc5 Rb5 22. Qa7 Bxg2 23. Kxg2 c5 24. Qd7 Ba5 25. Qd5 c3 26. bxc3
Bxc3 27. Bg5 Qd4 28. Rad1 Qxd5+ 29. Rxd5 c4 30. e4 Bb2 31. Be7 Re8 32. Rfd1
f5 33. Bc5 fxe4 34. Kf1 c3 35. a4 Rbb8 36. Be3 c2 37. Re1 Rec8 0-1

[Event "ch-FRA Top 16 GpB"]
[Site "Cannes FRA"]
[Date "2005.03.31"]
[Round "4"]
[White "Sharif,Me"]
[Black "Cappon,J"]
[Result "1/2-1/2"]
[WhiteElo "2463"]
[BlackElo "2186"]
[EventDate "2005.03.31"]

1. d4 d5 2. Nf3 Nc6 3. e3 Bf5 4. c4 e6 5. a3 Nf6 6. Nc3 Bd6 7. c5 Be7 8.
Bb5 Nd7 9. O-O O-O 10. Re1 a6 11. Bf1 Nf6 12. b4 Ne4 13. Nxe4 Bxe4 14. Bb2
Bg6 15. Bc3 f5 16. a4 Bf6 17. b5 Ne7 18. Qd2 Bh5 19. Ne5 Bxe5 20. dxe5 g5
21. f4 Be8 22. Red1 Ng6 23. Bb4 Rf7 24. c6 axb5 25. cxb7 Rb8 26. axb5 Rxb7
27. Ra6 Bd7 28. Rda1 Rb8 29. R1a5 h5 30. Qd4 Rg7 31. Be1 Kh7 32. Ra7 Rc8
33. R5a6 c5 34. bxc6 Rxc6 35. Ra8 Rc8 36. Ba5 Qe7 37. Bb4 Qd8 38. Rxc8 Bxc8
39. Ra7 Bd7 40. Bd2 gxf4 41. exf4 Qb8 42. Ra3 1/2-1/2

[Event "ch-FRA Top 16 GpB"]
[Site "Cannes FRA"]
[Date "2005.03.31"]
[Round "4"]
[White "Jeitz,C"]
[Black "Nikolaidis,I"]
[Result "1/2-1/2"]
[WhiteElo "2119"]
[BlackElo "2520"]
[EventDate "2005.03.31"]

1. e4 d5 2. exd5 Qxd5 3. Nc3 Qd6 4. d4 Nf6 5. Nf3 a6 6. Be2 Nc6 7. a3 e5 8.
dxe5 Nxe5 9. Bg5 Be6 10. Qxd6 Bxd6 11. Bxf6 gxf6 12. Nd4 O-O-O 13. Nxe6
fxe6 14. f4 Nc6 15. g3 f5 16. Bd3 Rhf8 17. Rf1 h5 18. O-O-O h4 19. Rde1 Rf6
20. Rf3 Kd7 21. Ne2 Rh8 22. c3 hxg3 23. hxg3 Rfh6 24. Nd4 Rh1 25. Rfe3
Rxe1+ 26. Rxe1 Nxd4 27. cxd4 Rg8 28. Bc4 Rxg3 29. Bxe6+ Kc6 30. Bxf5 Bxf4+
31. Kc2 Rg2+ 32. Kb3 Rf2 33. Be4+ Kb6 34. Rd1 a5 35. a4 Bg5 36. Kc3 Be7 37.
b3 Rf4 38. Kd3 Rg4 39. Bd5 Rg3+ 40. Ke4 Bg5 41. Rd3 Rg1 42. Bc4 Re1+ 43.
Kf5 Bh6 44. Kg6 Bc1 45. Kf5 Bb2 46. Bd5 Ba3 47. Kf4 Bf8 48. Kf3 Bg7 49. Bc4
Re8 50. Rd1 Rd8 51. Ke4 Rh8 52. Rd3 Rh4+ 53. Ke3 Kc6 54. d5+ Kd6 55. Kf3
Bf8 56. Re3 Kc5 57. Re4 Rh2 58. Rg4 Bd6 59. Re4 b6 60. Re2 Rh3+ 61. Ke4 Rc3
62. Re3 Rc1 63. Kf5 Kb4 64. Bb5 Bc5 65. Rd3 Re1 66. Bc4 Bd6 67. Rh3 Re5+
68. Kf6 Re4 69. Bb5 Ka3 70. Rd3 Kb2 71. Kf5 Re5+ 72. Kf6 Kc2 73. Bc4 Re1
74. Rh3 Kb2 75. Rd3 Ka3 76. Kf5 Kb4 77. Rh3 Re5+ 78. Kf6 Re4 79. Bb5 Ka3
80. Rd3 Rb4 81. Ke6 Rxb3 82. Rxb3+ Kxb3 83. Bc6 1/2-1/2

[Event "ch-FRA Top 16 GpB"]
[Site "Cannes FRA"]
[Date "2005.03.31"]
[Round "4"]
[White "Dunis,A"]
[Black "Feller,S"]
[Result "1/2-1/2"]
[WhiteElo "2462"]
[BlackElo "2191"]
[EventDate "2005.03.31"]

1. e4 c5 2. Nf3 e6 3. d4 cxd4 4. Nxd4 a6 5. c4 Qc7 6. Bd3 Nc6 7. Nf3 Nf6 8.
Nc3 Be7 9. O-O O-O 10. b3 d6 11. Bb2 Ne5 12. Be2 b6 13. Nd2 Bb7 14. Rc1
Rac8 15. f4 Ng6 16. Kh1 Rfd8 17. Qe1 Qb8 18. Qg3 Bc6 19. f5 exf5 20. Rxf5
Nd7 21. Rcf1 Bf6 22. Bg4 b5 23. Rh5 b4 24. Nd1 Bxb2 25. Nxb2 Rc7 26. Qh3
Ndf8 27. Bf5 Bd7 28. Nd3 Qb6 29. Nf3 Qe3 30. Ng5 Qxh3 31. Nxh3 Rb8 32. Bxd7
Nxd7 33. Ra5 Rc6 34. Rd1 Kf8 35. Kg1 Rcb6 36. Nhf4 Nxf4 37. Nxf4 Nc5 38.
Rd4 Re8 39. Nd5 Rb7 40. Ne3 Rb6 41. Nd5 Rb7 42. Nf4 Rb6 43. Nd5 Rb7 44. Nf4
Rb6 1/2-1/2

[Event "ch-FRA Top 16 GpB"]
[Site "Cannes FRA"]
[Date "2005.03.31"]
[Round "4"]
[White "Marchadour,C"]
[Black "Claverie,C"]
[Result "1/2-1/2"]
[WhiteElo "2085"]
[BlackElo "2316"]
[EventDate "2005.03.31"]

1. e4 c5 2. Nf3 Nc6 3. d4 cxd4 4. Nxd4 e5 5. Nb5 a6 6. Nd6+ Bxd6 7. Qxd6
Qf6 8. Qd2 Qg6 9. Nc3 Nge7 10. f3 d6 11. Bc4 Be6 12. Bxe6 fxe6 13. O-O Rd8
14. Qg5 Nd4 15. Rf2 Rc8 16. Qxg6+ hxg6 17. Be3 b5 18. Rd1 Rc4 19. Rfd2 Nec6
20. Bxd4 Nxd4 21. Ne2 Nxe2+ 22. Rxe2 Ke7 23. Red2 Rc6 24. c3 a5 25. a3 Rb8
26. Kf2 Rb7 27. Kg3 b4 28. cxb4 axb4 29. axb4 Rxb4 30. Re1 Kf6 31. Red1 Ke7
32. Re1 Rbb6 33. h4 Rc4 34. Re3 Rbc6 35. Red3 R4c5 1/2-1/2

[Event "ch-FRA Top 16 GpB"]
[Site "Cannes FRA"]
[Date "2005.03.31"]
[Round "4"]
[White "Nicoara,M"]
[Black "Swiercz,S"]
[Result "1-0"]
[WhiteElo "2242"]
[BlackElo "1948"]
[EventDate "2005.03.31"]

1. d4 d5 2. c4 c6 3. Nf3 Nf6 4. Nc3 dxc4 5. a4 Bf5 6. e3 e6 7. Bxc4 Bb4 8.
O-O O-O 9. Qe2 Bg6 10. Rd1 Nbd7 11. h3 Qa5 12. Bd2 Rfd8 13. e4 e5 14. dxe5
Nxe5 15. Nxe5 Qxe5 16. f4 Qe7 17. f5 Bxf5 18. exf5 Qc5+ 19. Kh1 Qxf5 20.
Bxf7+ Kxf7 21. Qc4+ Qe6 22. Qxb4 b6 23. Bg5 Kg8 24. Re1 Qf5 25. Qc4+ Kh8
26. Qh4 Rf8 27. Rf1 Qg6 28. Bxf6 Rxf6 29. Rxf6 gxf6 30. Rf1 Rf8 31. Ne4 f5
32. Qf4 h6 33. Ng3 Rg8 34. Kh2 c5 35. Rf2 1-0

[Event "ch-FRA Top 16 GpB"]
[Site "Cannes FRA"]
[Date "2005.03.31"]
[Round "4"]
[White "Milov,V"]
[Black "Tkachiev,V"]
[Result "1/2-1/2"]
[WhiteElo "2668"]
[BlackElo "2609"]
[EventDate "2005.03.31"]

1. d4 d5 2. c4 c6 3. Nc3 Nf6 4. e3 e6 5. Nf3 Nbd7 6. Bd3 dxc4 7. Bxc4 b5 8.
Bd3 Bd6 9. Bd2 Bb7 10. Ne2 O-O 11. O-O c5 12. Ng3 a6 13. Rc1 Qb6 14. Bc3 b4
15. dxc5 Bxc5 16. Bxf6 Nxf6 17. Qe2 Rac8 18. Ne5 a5 19. Nh5 Nxh5 20. Bxh7+
Kxh7 21. Qxh5+ Kg8 22. Nd7 Qc6 23. Nf6+ 1/2-1/2

[Event "ch-FRA Top 16 GpB"]
[Site "Cannes FRA"]
[Date "2005.03.31"]
[Round "4"]
[White "Bauer,Ch"]
[Black "Romero Holmes,A"]
[Result "1-0"]
[WhiteElo "2636"]
[BlackElo "2515"]
[EventDate "2005.03.31"]

1. e4 c5 2. Nf3 d6 3. d4 cxd4 4. Nxd4 Nf6 5. Nc3 g6 6. Be3 Bg7 7. f3 a6 8.
Qd2 Nbd7 9. g4 b5 10. g5 Nh5 11. a4 bxa4 12. Rxa4 Nc5 13. Ra2 Bb7 14. Bg2
O-O 15. O-O Rc8 16. Nde2 Nd7 17. Bh3 e6 18. Qxd6 Ne5 19. Qxd8 Rfxd8 20. Bg4
Nxg4 21. fxg4 Bxc3 22. Nxc3 Ng7 23. Ra4 Ne8 24. Rfa1 Nc7 25. Rb4 Nb5 26.
Nxb5 axb5 27. Rxb5 Bxe4 28. c3 Rd3 29. Kf2 Kf8 30. Rb4 Ba8 31. Ra7 e5 32.
Rb5 Re8 33. Raa5 e4 34. Re5 Rb8 35. Rab5 Rbd8 36. Rbc5 Bd5 37. c4 Be6 38.
Rxe4 Rb3 39. Bd4 Rh3 40. Kg2 Rb3 41. Bc3 Rd1 42. Rc7 Rc1 43. Rd4 Rc2+ 44.
Kg1 Rb8 45. h3 Ke8 46. Rd1 Re2 47. Bf6 Rc2 48. c5 1-0

[Event "ch-FRA Top 16 GpB"]
[Site "Cannes FRA"]
[Date "2005.03.31"]
[Round "4"]
[White "Hinks Edwards,T"]
[Black "Kazhgaleyev,M"]
[Result "0-1"]
[WhiteElo "2383"]
[BlackElo "2613"]
[EventDate "2005.03.31"]

1. e4 c5 2. f4 e6 3. Nf3 a6 4. d3 b5 5. g3 d5 6. Qe2 Be7 7. Bg2 Nc6 8. O-O
Nf6 9. e5 Nd7 10. c4 Nb6 11. Na3 bxc4 12. dxc4 O-O 13. Rd1 a5 14. b3 a4 15.
Bd2 Nb4 16. Be1 Bb7 17. Bf2 Ra5 18. cxd5 N4xd5 19. Be1 Ra6 20. Nc4 Qa8 21.
Nxb6 Rxb6 22. Rab1 axb3 23. axb3 Ba6 24. Qf2 Qb7 25. Nd2 Bd3 26. Rbc1 Qa6
27. Ne4 c4 28. bxc4 Bxc4 29. Qd4 Be2 30. Ra1 Qb5 31. Rd2 Bh5 32. Bf2 Rbb8
33. Nc3 Nxc3 34. Qxc3 Bb4 35. Qe3 Bxd2 36. Qxd2 Rfd8 37. Qe1 Qb3 38. Bf1
Bf3 39. Rc1 Ba8 40. Bg2 Bxg2 41. Kxg2 Qd5+ 42. Kg1 h6 43. Qc3 Rb3 44. Qc7
Rd3 45. Re1 Qf3 46. Qc4 Rd1 47. Qb4 R8d2 0-1

[Event "ch-FRA Top 16 GpB"]
[Site "Cannes FRA"]
[Date "2005.03.31"]
[Round "4"]
[White "Fontaine,R"]
[Black "Guidarelli,L"]
[Result "0-1"]
[WhiteElo "2537"]
[BlackElo "2438"]
[EventDate "2005.03.31"]

1. e4 d6 2. d4 Nf6 3. Nc3 g6 4. g3 Bg7 5. Bg2 O-O 6. Nge2 e5 7. h3 c6 8.
O-O b5 9. a3 a6 10. Be3 Qc7 11. Qd2 Bb7 12. dxe5 dxe5 13. Rad1 Nbd7 14. Qd6
Qxd6 15. Rxd6 Rfd8 16. Rfd1 Bf8 17. R6d2 Be7 18. Nc1 Nf8 19. Nb3 Rxd2 20.
Rxd2 Rd8 21. Bc5 Rxd2 22. Bxe7 Rxc2 23. Bxf6 Nd7 24. Be7 Rxb2 25. Na5 Ba8
26. Bf1 Rc2 27. Nd1 c5 28. f3 Ra2 29. Nb3 Rxa3 30. Nxc5 Nxc5 31. Bxc5 Rxf3
32. Ne3 b4 33. Bd3 a5 34. Kg2 Rf6 35. Nd5 Re6 36. Kf3 Kg7 37. Bb5 Bc6 38.
Bc4 Re8 39. g4 Rc8 40. Bd6 Bxd5 41. Bxd5 f6 42. Ke2 Rc3 43. h4 b3 44. Ba3
b2 0-1

[Event "ch-FRA Top 16 GpB"]
[Site "Cannes FRA"]
[Date "2005.03.31"]
[Round "4"]
[White "Rahal,M"]
[Black "Gozzoli,Y"]
[Result "1/2-1/2"]
[WhiteElo "2431"]
[BlackElo "2433"]
[EventDate "2005.03.31"]

1. e4 c5 2. Nf3 d6 3. d4 cxd4 4. Nxd4 Nf6 5. Nc3 a6 6. Be3 Ng4 7. Bg5 h6 8.
Bh4 g5 9. Bg3 Bg7 10. Be2 h5 11. Bxg4 Bxg4 12. f3 Bd7 13. Bf2 Nc6 14. O-O
e6 15. Nxc6 Bxc6 16. Bd4 Be5 17. Qd2 Qf6 18. Bxe5 Qxe5 19. Rad1 O-O-O 20.
Kh1 d5 21. exd5 Bxd5 22. Rfe1 Qf6 23. Nxd5 Rxd5 24. Qb4 Rhd8 25. Rxd5 Rxd5
26. h3 Kb8 27. b3 Rd4 28. Qf8+ Rd8 29. Qb4 Rd4 30. Qf8+ Rd8 31. Qb4 1/2-1/2

[Event "ch-FRA Top 16 GpB"]
[Site "Cannes FRA"]
[Date "2005.03.31"]
[Round "4"]
[White "Chabanon,JL"]
[Black "Gregoire,S"]
[Result "1-0"]
[WhiteElo "2431"]
[BlackElo "2280"]
[EventDate "2005.03.31"]

1. c4 c6 2. e4 e5 3. d4 d6 4. Nc3 Be7 5. Nf3 Qc7 6. Be2 Nf6 7. O-O Bg4 8.
h3 Bh5 9. Be3 Nbd7 10. Nh4 Bxe2 11. Qxe2 g6 12. Nf3 O-O 13. Rad1 Nh5 14. g3
Ng7 15. b4 f5 16. dxe5 dxe5 17. c5 f4 18. gxf4 exf4 19. Bd4 Nf6 20. e5 Nd5
21. Nxd5 cxd5 22. e6 Rf5 23. Rfe1 Re8 24. Qb5 a6 25. Qd7 Bd8 26. Bxg7 Qxd7
27. exd7 Rxe1+ 28. Rxe1 Kxg7 29. Nd4 Rf7 30. Re8 1-0

[Event "ch-FRA Top 16 GpB"]
[Site "Cannes FRA"]
[Date "2005.03.31"]
[Round "4"]
[White "Meynard,T"]
[Black "Siebrecht,S"]
[Result "1-0"]
[WhiteElo "2242"]
[BlackElo "2408"]
[EventDate "2005.03.31"]

1. d4 g6 2. c4 Bg7 3. e4 d6 4. Nc3 Nf6 5. f3 O-O 6. Bg5 h6 7. Be3 Nbd7 8.
Qd2 Kh7 9. g4 e5 10. d5 Ne8 11. Bd3 Nc5 12. Bc2 f5 13. exf5 gxf5 14. gxf5
Bxf5 15. Bxf5+ Rxf5 16. Qc2 e4 17. Bxc5 Bxc3+ 18. Qxc3 dxc5 19. O-O-O Qg5+
20. Rd2 Nd6 21. Nh3 Qe7 22. Re1 Re8 23. Rde2 Qf7 24. fxe4 Rf3 25. Re3 Rxe4
26. Rxf3 Rxe1+ 27. Kc2 Qg6+ 28. Kb3 Qb1 29. Nf2 Re2 30. Rf8 Nf5 31. Qh8+
Kg6 32. Qf6+ Kh5 33. Qxf5+ Qxf5 34. Rxf5+ Kg6 35. Rf3 h5 36. h4 b6 37. Nh3
Re4 38. Nf4+ Kf5 39. Nxh5+ Kg4 40. Nf6+ Kxf3 41. Nxe4 Kxe4 42. h5 Kf5 43.
Ka4 a6 44. b4 cxb4 45. Kxb4 Kg5 46. c5 Kxh5 47. cxb6 1-0

[Event "ch-FRA Top 16 GpB"]
[Site "Cannes FRA"]
[Date "2005.03.31"]
[Round "4"]
[White "Cornette,M"]
[Black "Boudre,JP"]
[Result "0-1"]
[WhiteElo "2357"]
[BlackElo "2339"]
[EventDate "2005.03.31"]

1. e4 e5 2. Nf3 Nc6 3. Bc4 Nf6 4. d3 Be7 5. O-O O-O 6. Re1 d6 7. a4 Na5 8.
Ba2 c5 9. Nc3 Nc6 10. Nd5 Nxd5 11. exd5 Nd4 12. c3 Nxf3+ 13. Qxf3 Bf6 14.
Be3 Bd7 15. Bc4 a6 16. a5 Re8 17. Bb3 g6 18. Bc2 Bg7 19. Qg3 f5 20. f4 Qc7
21. h4 Kh8 22. h5 gxh5 23. Qh4 Rg8 24. Qxh5 Bf6 25. Kf2 Rg7 26. Rh1 Rag8
27. Rh2 Qd8 28. Rah1 Qe7 29. Bb3 Re8 30. Rh3 Rf8 31. Bxc5 Rff7 32. Bb6 Qe8
33. fxe5 Bxe5 34. Bd1 f4 35. R3h2 f3 36. g4 Bxg4 37. Qh4 Re7 38. Kf1 Qg6
39. Bc2 Bf5 40. Rd2 Bg3 0-1

[Event "ch-FRA Top 16 GpB"]
[Site "Cannes FRA"]
[Date "2005.03.31"]
[Round "4"]
[White "Guadalpi,C"]
[Black "Leconte,M"]
[Result "0-1"]
[WhiteElo "1882"]
[BlackElo "2287"]
[EventDate "2005.03.31"]

1. e4 e6 2. d4 d5 3. e5 c5 4. c3 Nc6 5. Nf3 Nge7 6. Be2 Nf5 7. Be3 Nxe3 8.
fxe3 g6 9. Nbd2 Bh6 10. Kf2 f6 11. exf6 Qxf6 12. Bd3 O-O 13. Qe2 e5 14.
dxe5 Nxe5 15. h3 Bd7 16. Rhf1 Nxf3 17. Nxf3 Rae8 18. e4 dxe4 19. Bxe4 Qh4+
0-1

[Event "ch-FRA Top 16 GpB"]
[Site "Cannes FRA"]
[Date "2005.03.31"]
[Round "4"]
[White "Dorfman,J"]
[Black "Bologan,V"]
[Result "1/2-1/2"]
[WhiteElo "2603"]
[BlackElo "2683"]
[EventDate "2005.03.31"]

1. d4 Nf6 2. c4 g6 3. Nc3 Bg7 4. e4 d6 5. Nf3 O-O 6. Be2 e5 7. O-O Nc6 8.
d5 Ne7 9. b4 Nh5 10. Re1 a5 11. bxa5 Rxa5 12. Nd2 Nf4 13. Bf1 Ra8 14. a4 f5
15. g3 Nh5 16. c5 dxc5 17. Nc4 fxe4 18. d6 cxd6 19. Nxd6 Nc6 20. Qd5+ Kh8
21. Ncxe4 Nf6 22. Nf7+ Rxf7 23. Qxf7 Nxe4 24. Rxe4 Bf5 25. Re1 Nd4 26. Bg2
Rb8 27. Qc4 Nc2 28. Bb2 Nxa1 29. Bxa1 Qd6 30. a5 Bd3 31. Qc3 Ba6 32. Qxe5
Bxe5 33. Bxe5+ 1/2-1/2

[Event "ch-FRA Top 16 GpB"]
[Site "Cannes FRA"]
[Date "2005.03.31"]
[Round "4"]
[White "Gustafsson,J"]
[Black "Almasi,Z"]
[Result "1/2-1/2"]
[WhiteElo "2616"]
[BlackElo "2628"]
[EventDate "2005.03.31"]

1. d4 Nf6 2. c4 e6 3. Nc3 Bb4 4. Qc2 O-O 5. a3 Bxc3+ 6. Qxc3 b6 7. Bg5 Bb7
8. f3 h6 9. Bh4 d5 10. e3 Nbd7 11. cxd5 Nxd5 12. Bxd8 Nxc3 13. Be7 Rfe8 14.
Bh4 Nd5 15. Bf2 c5 16. e4 Ne7 17. Bb5 Bc6 18. Bxc6 Nxc6 19. Ne2 cxd4 20.
Nxd4 Rec8 21. O-O Nxd4 1/2-1/2

[Event "ch-FRA Top 16 GpB"]
[Site "Cannes FRA"]
[Date "2005.03.31"]
[Round "4"]
[White "Miralles,G"]
[Black "Gurevich,M"]
[Result "0-1"]
[WhiteElo "2485"]
[BlackElo "2634"]
[EventDate "2005.03.31"]

1. d4 e6 2. c4 d5 3. Nf3 Nf6 4. g3 Bb4+ 5. Bd2 Be7 6. Bg2 c6 7. Qc2 b6 8.
Bg5 Bb7 9. O-O Nbd7 10. Nbd2 c5 11. cxd5 exd5 12. Ne5 O-O 13. Nxd7 Qxd7 14.
dxc5 bxc5 15. Bxf6 Bxf6 16. Qxc5 Rfc8 17. Qb4 a5 18. Qf4 Rc2 19. Rad1 Qe7
20. Nb3 a4 21. Nc1 Bxb2 22. Qf5 Rac8 23. Nd3 g6 24. Qh3 Rd8 25. Qg4 a3 26.
Qa4 Rxe2 27. Nf4 Re5 28. Qb3 Ba6 29. Nxd5 Qe6 30. f4 Re2 31. Qf3 f5 32. Kh1
Rd7 33. Nc3 Rxg2 34. Qa8+ Kg7 35. Rxd7+ Qxd7 36. Qxa6 Rc2 37. Rd1 Qe7 38.
Qa4 Rd2 39. Nd5 Qe4+ 0-1

[Event "ch-FRA Top 16 GpB"]
[Site "Cannes FRA"]
[Date "2005.03.31"]
[Round "4"]
[White "Marciano,D"]
[Black "Eliet,N"]
[Result "1-0"]
[WhiteElo "2522"]
[BlackElo "2430"]
[EventDate "2005.03.31"]

1. e4 c6 2. Nc3 d5 3. d4 dxe4 4. Nxe4 Nd7 5. Ng5 Ndf6 6. Bc4 e6 7. Qe2 h6
8. N5f3 Bd6 9. Ne5 Ne7 10. Ngf3 a6 11. Bd2 Qc7 12. Bb3 b5 13. c4 bxc4 14.
Nxc4 a5 15. O-O Ba6 16. Nxd6+ Qxd6 17. Qe5 Qxe5 18. dxe5 Ne4 19. Rfe1 Nxd2
20. Nxd2 O-O 21. Ne4 Bb5 22. Rac1 a4 23. Bd1 Rfb8 24. Nd6 Bd3 25. b3 axb3
26. Bxb3 Ra5 27. f4 h5 28. g3 Ra6 29. Rc3 Bg6 30. Rec1 Rb4 31. Kf2 Ra8 32.
Rc4 Rb6 33. Kf3 Ra5 34. Rc5 Ra8 35. h3 Rb4 36. R5c4 Rb6 37. g4 Ra5 38. Rc5
Ra8 39. Kg3 Rb4 40. Rf1 Bd3 41. Rf2 g6 42. Kh4 Kg7 43. Kg5 hxg4 44. hxg4
Be4 45. Rh2 Bd5 46. Rc3 Bxb3 47. Rch3 Kf8 48. Rh7 Rxa2 49. Rxf7+ Kg8 50.
Rhh7 Nd5 51. Ne8 Rh2 52. Rhg7+ 1-0

[Event "ch-FRA Top 16 GpB"]
[Site "Cannes FRA"]
[Date "2005.03.31"]
[Round "4"]
[White "Rausis,I"]
[Black "Rotstein,A"]
[Result "1/2-1/2"]
[WhiteElo "2500"]
[BlackElo "2528"]
[EventDate "2005.03.31"]

1. Nf3 c5 2. c4 Nf6 3. Nc3 d5 4. cxd5 Nxd5 5. d4 e6 6. e4 Nxc3 7. bxc3 cxd4
8. cxd4 Bb4+ 9. Bd2 Bxd2+ 10. Qxd2 O-O 11. Bc4 Nd7 12. O-O Nf6 13. Rfe1 b6
14. Rad1 Bb7 15. Qf4 Rc8 16. Bd3 Qc7 17. Qh4 h6 18. h3 Rfd8 19. Bb1 b5 20.
d5 exd5 21. e5 Ne4 22. Nd4 Qxe5 23. Nxb5 Qb2 24. Nxa7 g5 25. Qxh6 Qxf2+ 26.
Kh2 Rd6 27. Qh5 Qg3+ 28. Kg1 Nf6 29. Qf3 Qxf3 30. gxf3 Rc5 31. Re7 Rd7 32.
Rxd7 Nxd7 33. Bf5 Ne5 34. Rb1 Nxf3+ 35. Kf2 d4 36. Rb5 Rc7 37. Rb2 Nh4 38.
Nb5 Rc5 39. Bb1 Bc8 40. Nxd4 Bxh3 41. Rb5 Rxb5 42. Nxb5 Bd7 43. Nc3 Kg7 44.
a4 Nf5 45. Ne4 Bxa4 46. Nc5 1/2-1/2